000 00991pab a2200133 454500
008 180718b xxu||||| |||| 00| 0 eng d
100 _aKramer Fred A.
245 _aUsing the classics to expand public administrative thought: an exhortory note
362 _a22(4), Dec 1992, p.301-06
520 _aPublic administrators - both practitioners and academics need to develop critical thinking skill. The mental exercise required to assess the validity of myths and metaphors can help develop this capacity to think beyond boundarics of problems. Drawing from the work of diverse authors such as Perey Bysshe Shelley, the early nineteenth. century port, and more current works of the philosopher Neeson Goodman, this article shows how the conflict inherent in metaphors can be an exercise in creativity. Examples particluary relevant to public administration are drawn from Homer's Odyssey.
650 _aPublic Administration
773 _aAmerican Review of Public Administration
909 _a27550
999 _c27550
_d27550